00462nam a2200217Ia 4500003000900000008004100009040001300050040001300063041000800076100001900084100001000103245002900113250001000142260001200152260000900164300001100173300001000184490002700194490000600221700001700227IT-RoPAU120407s9999 xx 000 0 und d aIT-RoPAU cIT-RoPAU aita aCharles Solley ccoll. aLe basi della psicologia aRoma  aBulzoni c1972 a766 p. c24 cm aPsicologia scientifica v1 aRoss Stagner